000
00339 a2200157 4500
001
44777
020
_a
9788572086301
040
_c
Anchieta - Aquarius
100
_a
GuimarĂ£es, Telma
240
1
0
_a
Bacana, de novo!
_l
por
245
1
0
_a
Bacana, de novo!
300
_a
19
362
0
_a
2009
650
4
_a
Literatura infantil
942
_c
BK
999
_c
44777
_d
44777